01326 a2200157 45000010006000000050017000060080041000230030015000640400040000790800095001192450047002142640029002613000019002905050836003091000023011454856120260407155750.0260407a1971 arg spa dAR-UNSa-BCEJYS aAR-UNSa-BCEJYSbspacAR-UNSa-BCEJYS a330.8xHistoria de las teorías, Doctrinas, Dogmas económicos (pensamiento económico)10aHistoria sobre del pensamiento económico 1aBarcelona :bArielc1971 a356 p.c21 cm. a1. La historia del pensamiento económico según Joseph A. Schumpeter - 2. La creación de erarios públicos en España: El proyecto de Pedro de Oudegherste - 3. Algunos comentarios a la publicación del Ensayo sobre la naturaleza del comercio en general, de Cantillon - 4. José Cangas Arguelles y el pensamiento económico liberal español - 5. Las reflexiones sobre la variación del precio del trigo / Juan López de Peñalver - 6. La extraña asociación de Harriet Taylor y John S. Mill - 7. Thorstein Veblen (1857-1929) - 8. El profesor Schumpeter y el porvenir del sistema económico - 9. El control de los precios según Galbarith - 10. Galbarith y el nuevo capitalismo americano - 11. La sociedad opulenta, estación terminal del capitalismo - 12. La obra de J. A. Schumpeter, veinte años después - 1 aEstapé, Fabián